Estudios sobre la reforma constitucional / (Record no. 32879)
[ view plain ]
| 000 -CABECERA | |
|---|---|
| campo de control de longitud fija | 00601nam a2200169 a 4500 |
| 001 - NÚMERO DE CONTROL | |
| campo de control | 000033388 |
| 005 - FECHA Y HORA DE LA ÚLTIMA TRANSACCIÓN | |
| campo de control | 20200930070226.0 |
| 008 - DATOS DE LONGITUD FIJA--INFORMACIÓN GENERAL | |
| campo de control de longitud fija | 110825s1914 dr b 000 0 spa d |
| 040 ## - FUENTE DE LA CATALOGACIÓN | |
| Centro catalogador/agencia de origen | DO-SdBNP |
| Lengua de catalogación | spa |
| Centro/agencia transcriptor | BNPHU |
| 082 ## - NÚMERO DE LA CLASIFICACIÓN DECIMAL DEWEY | |
| Número de clasificación | xxxx |
| Número de documento/Ítem | C172 |
| 100 1# - ENTRADA PRINCIPAL--NOMBRE DE PERSONA | |
| Nombre de persona | Camarena Perdomo, M. de J. |
| 9 (RLIN) | 32242 |
| 245 10 - MENCIÓN DE TÍTULO | |
| Título | Estudios sobre la reforma constitucional / |
| Mención de responsabilidad, etc. | M. de J. Camarena Perdomo. |
| 260 ## - PUBLICACIÓN, DISTRIBUCIÓN, ETC. | |
| Lugar de publicación, distribución, etc. | Santo Domingo, : |
| Nombre del editor, distribuidor, etc. | Imprenta Escobar Y Cia., |
| Fecha de publicación, distribución, etc. | 1914. |
| 300 ## - DESCRIPCIÓN FÍSICA | |
| Extensión | 84 p. : |
| Otras características físicas | map. ; |
| Dimensiones | 22 cm. |
| 563 ## - NOTA DE ENCUADERNACIÓN | |
| Nota de encuadernación | Dos obras encuadernadas juntas con paginación continua |
| 700 12 - PUNTO DE ACCESO ADICIONAL--NOMBRE DE PERSONA | |
| Nombre de persona | Nolasco, Felix Ma. |
| Título de la obra | El canal de Panamá |
| 9 (RLIN) | 58959 |
| Estado de retiro | Estado de pérdida | Restricciones de uso | No para préstamo | Código de colección | Localización permanente | Ubicación/localización actual | Ubicación en estantería | Fecha de adquisición | Número de inventario | Total de préstamos | Signatura topográfica completa | Código de barras | Fecha visto por última vez | Precio válido a partir de | Tipo de ítem Koha | Nota pública |
|---|---|---|---|---|---|---|---|---|---|---|---|---|---|---|---|---|
| Excluido de préstamo | Raros y valiosos | Patrimonio Dominicano | Patrimonio Dominicano | En catalogación | 25.08.2011 | LF1 | xxxx C172 | 33388-10 | 25.06.2020 | 25.06.2020 | No se presta | Perteneció a la biblioteca personal de Carlos Larrazábal Blanco |
